Zabezpečenie kontinuity bankových činností v rezolučnom procese diplomová práca

Salvato in:
Dettagli Bibliografici
Autore principale: Bolešová, Zuzana
Ente Autore: Národohospodárska fakulta EU. Katedra bankovníctva a medzinárodných financií
Altri autori: Makúch, Jozef, 1953-
Natura: Libro
Lingua:slovacco
Pubblicazione: Bratislava 2023
Tags: Aggiungi Tag
Nessun Tag, puoi essere il primo ad aggiungerne!!

MARC

LEADER 00000nbm a2200000 4500
001 0293071
005 20231027092129.6
041 0 |a slo 
044 |a SK 
245 1 0 |a Zabezpečenie kontinuity bankových činností v rezolučnom procese  |b diplomová práca  |c Zuzana Bolešová ; školiteľ: Jozef Makúch 
264 1 |a Bratislava  |c 2023 
300 |a 64 s. 
100 1 |a Bolešová, Zuzana 
700 1 |a Makúch, Jozef, 1953- 
710 2 |a Národohospodárska fakulta EU. Katedra bankovníctva a medzinárodných financií